Regulations and general conditions of contract for building works in Scotland 1st September 1954 / issued under the authority of the Royal Incorporation of Architects in Scotland and the Scottish National Building Trades Federation (Employers)... (Record no. 87002)

MARC details
000 -LEADER
fixed length control field 00726cam a2200193 4500
001 - CONTROL NUMBER
control field D8370
008 - FIXED-LENGTH DATA ELEMENTS--GENERAL INFORMATION
fixed length control field 090401t1954 xxu||||| |||| 00| 0 eng d
035 ## - SYSTEM CONTROL NUMBER
System control number (Sirsi) u12522
041 ## - LANGUAGE CODE
Language code of text/sound track or separate title eng
050 ## - LIBRARY OF CONGRESS CALL NUMBER
Classification number 692.809411
110 ## - MAIN ENTRY--CORPORATE NAME
Corporate name or jurisdiction name as entry element Royal Incorporation of Architects In Scotland
9 (RLIN) 2351
245 ## - TITLE STATEMENT
Title Regulations and general conditions of contract for building works in Scotland 1st September 1954 / issued under the authority of the Royal Incorporation of Architects in Scotland and the Scottish National Building Trades Federation (Employers)...
260 ## - PUBLICATION, DISTRIBUTION, ETC.
Place of publication, distribution, etc. Edinburgh
Name of publisher, distributor, etc. Royal Incorporation of Architects in Sco
Date of publication, distribution, etc. 1954
300 ## - PHYSICAL DESCRIPTION
Extent 18p. 33cm
350 ## - PRICE (NR) (BK AM CF MU VM SE) [OBSOLETE]
Price 0
520 ## - SUMMARY, ETC.
Summary, etc. Cover title
942 ## - ADDED ENTRY ELEMENTS (KOHA)
Suppress in OPAC 0
948 ## - LOCAL PROCESSING INFORMATION (OCLC); SERIES PART DESIGNATOR (RLIN)
c (OCLC) 04/03/1997
Holdings
Withdrawn status Lost status Source of classification or shelving scheme Damaged status Not for loan Home library Current library Shelving location Date acquired Total Checkouts Full call number Barcode Date last seen Copy number Price effective from Koha item type
    Dewey Decimal Classification     London London Basement 14/09/1999   SHELF 302 30008681 06/08/2019 1 06/08/2019 Reference material